|
|
|
|
| LEADER |
00000nam0a2200000 4500 |
| 001 |
14712 |
| 005 |
20231030185808.0 |
| 010 |
|
|
|a 5217029153
|
| 035 |
|
|
|a (RuTPU)RU\TPU\book\14810
|
| 035 |
|
|
|a BOOK00014879
|
| 090 |
|
|
|a 14712
|
| 100 |
|
|
|a 20011209d1999 m y0rusy50 ca
|
| 101 |
0 |
|
|a rus
|
| 102 |
|
|
|a RU
|
| 105 |
|
|
|a a z 000zy
|
| 200 |
1 |
|
|a Управление процессом зубодолбления
|f А. С. Тарапанов, Г. А. Харламов
|
| 210 |
|
|
|a Москва
|c Машиностроение
|d 1999
|
| 215 |
|
|
|a 128 с.
|c ил.
|
| 610 |
1 |
|
|a машиностроение
|
| 610 |
1 |
|
|a зубодолбление
|
| 610 |
1 |
|
|a зубообработка
|
| 610 |
1 |
|
|a производство
|
| 610 |
1 |
|
|a управление
|
| 610 |
1 |
|
|a оптимизация
|
| 610 |
1 |
|
|a математические зависимости
|
| 675 |
|
|
|a 621.833.002
|v 3
|
| 700 |
|
1 |
|a Тарапанов
|b А. С.
|g Александр Сергеевич
|
| 701 |
|
1 |
|a Харламов
|b Г. А.
|g Геннадий Андреевич
|
| 801 |
|
0 |
|a RU
|b 63413507
|c 20011209
|g PSBO
|
| 801 |
|
2 |
|a RU
|b 63413507
|c 20080213
|g PSBO
|
| 942 |
|
|
|c BK
|